| 000 | 00480nam a2200181Ia 4500 | ||
|---|---|---|---|
| 008 | 230125s9999 xx 000 0 und d | ||
| 041 | _aeng | ||
| 082 |
_a352.002 _bKHU |
||
| 100 | _aKhutwad M | ||
| 245 | _aJilha parishedechya mahila va balkalyan yojana | ||
| 260 |
_c1997 _bIndian Institute of Education |
||
| 300 | _a20p | ||
| 500 | _aPanchyati raj,Marathi book | ||
| 500 | _aEducation;Grampanchayat | ||
| 650 | _aEducation | ||
| 700 | _aKhutwad M | ||
| 999 |
_c87567 _d87567 |
||